<?xml version="1.0" encoding="UTF-8"?>
<record
    xmlns:xsi="http://www.w3.org/2001/XMLSchema-instance"
    xsi:schemaLocation="http://www.loc.gov/MARC21/slim http://www.loc.gov/standards/marcxml/schema/MARC21slim.xsd"
    xmlns="http://www.loc.gov/MARC21/slim">

  <leader>00709nam a2200181   4500</leader>
  <controlfield tag="003">LK-CoMWRAF</controlfield>
  <controlfield tag="005">20231217214401.0</controlfield>
  <controlfield tag="008">231217b        |||||||| |||| 00| 0 eng d</controlfield>
  <datafield tag="040" ind1=" " ind2=" ">
    <subfield code="a">LK-CoMWRAF</subfield>
    <subfield code="d">LK-CoMWRAF</subfield>
    <subfield code="e">LK-CoMWRAF</subfield>
  </datafield>
  <datafield tag="041" ind1=" " ind2=" ">
    <subfield code="a">sin</subfield>
  </datafield>
  <datafield tag="082" ind1=" " ind2=" ">
    <subfield code="a">307</subfield>
    <subfield code="b">RAT</subfield>
  </datafield>
  <datafield tag="100" ind1=" " ind2=" ">
    <subfield code="a">&#xDBB;&#xDAD;&#xDCA;&#xDB1;&#xDCF;&#xDBA;&#xD9A;, &#xDB4;&#xDAF;&#xDCA;&#xDB8;&#xDCF; </subfield>
  </datafield>
  <datafield tag="245" ind1=" " ind2=" ">
    <subfield code="a">&#xD9C;&#xDCA;&#x200D;&#xDBB;&#xDCF;&#xDB8;&#xDD2;&#xDBA; &#xDB4;&#xDCA;&#x200D;&#xDBB;&#xDA2;&#xDCF; &#xDB1;&#xDCF;&#xDBA;&#xDD2;&#xD9A;&#xDCF;&#xDC0;&#xDB1;&#xDCA;&#xDA7; &#xD85;&#xDAD;&#xDCA;&#xDC0;&#xDD0;&#xDBD;&#xD9A;&#xDCA; </subfield>
  </datafield>
  <datafield tag="246" ind1=" " ind2=" ">
    <subfield code="a">Gramiya praja nayikawanta athwalak</subfield>
  </datafield>
  <datafield tag="260" ind1=" " ind2=" ">
    <subfield code="a">&#xD9A;&#xDDC;&#xDC5;&#xDB9; : </subfield>
    <subfield code="b">&#xDAF;&#xD9A;&#xDD4;&#xDAB;&#xDD4; &#xD86;&#xDC3;&#xDD2;&#xDBA;&#xDCF;&#xDB1;&#xDD4; &#xDC3;&#xDC4;&#xDBA;&#xDDD;&#xD9C;&#xDD2;&#xDAD; &#xDC3;&#xD82;&#xDC0;&#xDD2;&#xDB0;&#xDCF;&#xDB1;&#xDBA;,</subfield>
    <subfield code="c">1998</subfield>
  </datafield>
  <datafield tag="700" ind1=" " ind2=" ">
    <subfield code="a">&#xDB8;&#xDD0;&#xDAF;&#xDCA;&#xDAF;&#xDC0;&#xDAD;&#xDCA;&#xDAD;, &#xDB4;&#xDCA;&#x200D;&#xDBB;&#xDD2;&#xDBA;&#xDAF;&#xDBB;&#xDCA;&#xDC1;&#xDB1; </subfield>
    <subfield code="e">ills.</subfield>
  </datafield>
  <datafield tag="942" ind1=" " ind2=" ">
    <subfield code="c">BK</subfield>
  </datafield>
  <datafield tag="952" ind1=" " ind2=" ">
    <subfield code="0">0</subfield>
    <subfield code="1">0</subfield>
    <subfield code="4">0</subfield>
    <subfield code="7">0</subfield>
    <subfield code="a">MAIN</subfield>
    <subfield code="b">MAIN</subfield>
    <subfield code="d">2023-12-17</subfield>
    <subfield code="l">0</subfield>
    <subfield code="o">307 RAT</subfield>
    <subfield code="p">RAF583</subfield>
    <subfield code="r">2023-12-17</subfield>
    <subfield code="w">2023-12-17</subfield>
    <subfield code="y">BK</subfield>
  </datafield>
  <datafield tag="999" ind1=" " ind2=" ">
    <subfield code="c">4512</subfield>
    <subfield code="d">4512</subfield>
  </datafield>
</record>
